[Event "USA U16 K9 op"]
[Site "Grapevine"]
[Date "2019.04.27"]
[Round "5"]
[White "Hung, Daniel1111"]
[Black "Ramesh, Sreenevash"]
[Result "1-0"]
[WhiteElo "2052"]
[BlackElo "1814"]
[PlyCount "71"]
[EventDate "2019.04.26"]
[EventType "swiss"]
[EventRounds "7"]
[EventCountry "USA"]
[SourceTitle "CBM 190 Extra"]
[Source "ChessBase"]
[SourceDate "2019.07.15"]
[SourceVersion "1"]
[SourceVersionDate "2019.07.15"]
[SourceQuality "1"]

1. e4 e6 2. d4 d5 3. e5 c5 4. c3 Qb6 5. Nf3 Bd7 6. a3 Bb5 7. b4 cxd4 8. Bxb5+ Qxb5 9. cxd4 Nd7 10. Nc3 Qc6 11. Ne2 Nb6 12. 0-0 Ne7 13. Ng3 Ng6 14. h4 Be7 15. h5 Nh4 16. Nxh4 Bxh4 17. Qg4 Bxg3 18. Qxg3 0-0-0 19. Qxg7 Qd7 20. Bg5 Rhg8 21. Qh6 Rde8 22. Bf6 Rg4 23. Qxh7 Reg8 24. g3 Qe8 25. Qc2+ Nc4 26. h6 R8g6 27. h7 Rh6 28. Kg2 Rxf6 29. exf6 Rxd4 30. Qc1 Qh8 31. Qh6 Rg4 32. Rh1 Kd7 33. Qg7 Rxg7 34. fxg7 Qxg7 35. h8Q Qxh8 36. Rxh8 1-0